Statistiques concernant Effectif détaillé du Clermont Foot 63 saison 2023-2024

Cliquez ici pour prendre le quiz!

Statistiques générales

  • Ce quiz a été pris 25 fois
  • Le résultat moyen est 19 sur 35

Statistiques - réponses

NationalitéAncien clubPosteNuméroRéponse% Correct
SénégalFC Lausanne-SportGardien99Mory Diaw
100%
FranceStade BrestoisMilieu25Johan Gastien
95%
FranceClermont Foot 63 BCoachPascal Gastien
95%
BelgiqueSpartak MoscouDéfenseur5Maximiliano Caufriez
91%
GhanaFormé au CF63Défenseur36Alidu Seidu
86%
AutricheAdmira WackerMilieu10Muhammed-Cham Saracevic
86%
FranceGrenade CFMilieu12Maxime Gonalons
82%
BrésilKRC GenkDéfenseur3Neto Borges
82%
FranceFC BâleDéfenseur17Andy Pelmard
73%
GabonLe Puy FootAttaquant11Jim Allevinah
73%
SerbieDinamo ZagrebAttaquant9Komnen Andric
73%
FranceServette FCAttaquant95Grejohn Kyei
68%
AlgérieYeni MalatyasporDéfenseur2Mehdi Zeffane
68%
FranceFormé au CF63Milieu7Yohann Magnin
68%
MaliFormé au CF63Défenseur15Cheick Konaté
64%
FranceFC Sochaux-MontbelliardDéfenseur21Florent Ogier
64%
MaliOlympique LyonnaisMilieu6Habib Keita
64%
AngolaBirmingham CityAttaquant91Jeremie Bela
64%
SénégalPau FCGardien1Massamba Ndiaye
64%
PologneLegia VarsovieDéfenseur4Mateusz Wieteska
64%
KosovoBB ErzurumsporMilieu18Elbasan Rashani
59%
FranceAngers SCOGardien16Théo Borne
55%
FranceChamois NiortaisMilieu8Bilal Boutobba
50%
MarocFormé au CF63Attaquant20Aiman Maurer
45%
FranceFC Sochaux-MontbelliardDéfenseur22Yoël Armougom
36%
FranceMoulins-YzeureMilieu97Yanis Massolin
32%
FranceFormé au CF63Attaquant19Mohamed Bouchenna
23%
AlgérieFormé au CF63Milieu24Stan Berkani
23%
GhanaFormé au CF63DéfenseurSumaila Awudu
18%
MarocAcadémie Mohammed VIAttaquantAbdellah baallal
14%
FranceFormé au CF63Milieu80Adam Mabrouk
14%
FranceFormé au CF63DéfenseurMatys Donavin
9%
FranceFormé au CF63Milieu29Nael Jaby
9%
Côte d'IvoireFormé au CF63MilieuFred Gnalega
0%
FranceFormé au CF63Attaquant77Giovani Versini
0%

Distribution des résultats

Percentile par nombre de réponses

% des personnes avec chaque résultat

Votre développement - résultats

Vous n’avez pas pris ce quiz